French Number quiz - Statistics

General Stats
  • This quiz has been taken 51 times
  • The average score is 8 of 10
Answer Stats
Hint Answer % Correct
1 Un
97%
2 Deux
90%
3 Trois
90%
5 Cinq
84%
6 Six
81%
9 Neuf
77%
4 Quatre
77%
7 Sept
77%
8 Huit
74%
10 Dix
71%
No matching quizzes found
Score Distribution
Percent of People with Each Score
Percentile by Number Answered
Your Score History
You have not taken this quiz